Basic & clinical pharmacology / (Record no. 278750)
[ view plain ]
| 000 -LEADER | |
|---|---|
| fixed length control field | 01233nam a2200277Ma 4500 |
| 001 - CONTROL NUMBER | |
| control field | STB032609 |
| 005 - DATE AND TIME OF LATEST TRANSACTION | |
| control field | 20150127161048.0 |
| 008 - FIXED-LENGTH DATA ELEMENTS--GENERAL INFORMATION | |
| fixed length control field | |
| 020 ## - INTERNATIONAL STANDARD BOOK NUMBER | |
| International Standard Book Number | 9780071764018 |
| 020 ## - INTERNATIONAL STANDARD BOOK NUMBER | |
| International Standard Book Number | 9781259009327 |
| 050 ## - LIBRARY OF CONGRESS CALL NUMBER | |
| Classification number | RM 300 |
| Item number | .B292 2012 |
| 245 00 - TITLE STATEMENT | |
| Title | Basic & clinical pharmacology / |
| Statement of responsibility, etc | edited by Bertram G. Katzung ; associate editors, Susan B. Masters, Anthony J. Trevor. |
| 250 ## - EDITION STATEMENT | |
| Edition statement | 12th ed. |
| 260 ## - PUBLICATION, DISTRIBUTION, ETC. (IMPRINT) | |
| Place of publication, distribution, etc | New York : |
| Name of publisher, distributor, etc | McGraw-Hill Medical ; |
| Place of publication, distribution, etc | London : |
| Name of publisher, distributor, etc | McGraw-Hill [distributor], |
| Date of publication, distribution, etc | c2012. |
| 300 ## - PHYSICAL DESCRIPTION | |
| Extent | xiii, 1229 pages : |
| Other physical details | illustrations (some color) ; |
| Dimensions | 28 cm. |
| 440 0# - SERIES STATEMENT/ADDED ENTRY--TITLE | |
| Title | A Lange medical book. |
| 500 ## - GENERAL NOTE | |
| General note | Previous ed.: 2009. |
| 504 ## - BIBLIOGRAPHY, ETC. NOTE | |
| Bibliography, etc | Includes bibliographical references and index. |
| 505 ## - FORMATTED CONTENTS NOTE | |
| Formatted contents note | Basic principles -- Autonomic drugs -- Cardiovascular-renal drugs -- Drugs with important actions on smooth muscle -- Drugs that act in the central nervous system -- Drugs used to treat diseases of the blood, inflammation, & gout -- Endocrine drugs -- Chemotherapeutic drugs -- Toxicology -- Special topics. |
| 521 ## - TARGET AUDIENCE NOTE | |
| Target audience note | Pharmacy |
| 650 #0 - SUBJECT ADDED ENTRY--TOPICAL TERM | |
| Topical term or geographic name as entry element | Pharmacology. |
| 700 1# - ADDED ENTRY--PERSONAL NAME | |
| Personal name | Katzung, Bertram G. |
| 700 1# - ADDED ENTRY--PERSONAL NAME | |
| Personal name | Masters, Susan B. |
| 700 1# - ADDED ENTRY--PERSONAL NAME | |
| Personal name | Trevor, Anthony J. |
| 942 ## - ADDED ENTRY ELEMENTS (KOHA) | |
| Source of classification or shelving scheme | Library of Congress Classification |
| Koha item type | Books |
| Withdrawn status | Lost status | Source of classification or shelving scheme | Damaged status | Home library | Current library | Shelving location | Date acquired | Source of acquisition | Total Checkouts | Total Renewals | Full call number | Barcode | Date last seen | Date checked out | Price effective from | Koha item type |
|---|---|---|---|---|---|---|---|---|---|---|---|---|---|---|---|---|
| Library of Congress Classification | South SEED-LPDH College Library | South SEED-LPDH College Library | South SEED-LPDH College Section | 01/27/2015 | Library Fund | 8 | 13 | RM 300 .B292 2012 | SSLC1377 | 01/31/2019 | 01/29/2019 | 01/27/2015 | Books |